000 00585nam a2200181 4500
001 135933
003 ES-MaACL
005 20230906195006.0
007 t|
008 070214s1918 cu r ||||1| spa d
100 1 _aRousset, Ricardo V.
_9100084
245 1 0 _aHistorial de Cuba /
_cRicardo V. Rousset ; prólogo de Francisco Carrera Justiz.
260 _aLa Habana :
_bLibrería Cervantes,
_c1918.
300 _aXII, 352 p., 12 lám. :
_b`retr. aut` ;
_c25 cm +
_e3 map.
500 _aEs el tomo I.
700 1 _aCarrera y Justiz, Francisco.
_935647
852 _aES-MaACL
_jB-13375
999 _c135933
_d135933